Score 0/100 Timer 12:00
0 Plays Today
% Correct
Dickens
81.4%
Brontë
80.7%
Hemingway
78.1%
Woolf
67.9%
A Farewell to Arms
65.8%
A Farewell to Arms
65.8%
A Farewell to Arms
65.7%
Alcott
63.7%
Closing Time
63.2%
Closing Time
63.2%
Closing Time
63.1%
Tolstoy
62.5%
Gravity's Rainbow
62.1%
Gravity's Rainbow
62.1%
Gravity's Rainbow
62.1%
War and Peace
60.8%
War and Peace
60.8%
War and Peace
60.8%
Infinite Jest
59.7%
Infinite Jest
59.7%
Infinite Jest
59.7%
Jude the Obscure
59.2%
Jude the Obscure
59.2%
Jude the Obscure
59.2%
Portnoy's Complaint
54.1%
Portnoy's Complaint
54.1%
Portnoy's Complaint
54%
Jane Eyre
53.2%
Jane Eyre
53.2%
Jane Eyre
53.1%
Bleak House
52.5%
Bleak House
52.5%
Bleak House
52.5%
On the Road
52%
% Correct
On the Road
52%
On the Road
52%
White Teeth
46.6%
White Teeth
46.6%
White Teeth
46.6%
East of Eden
45.9%
East of Eden
45.9%
East of Eden
45.8%
The Razor's Edge
44.9%
The Razor's Edge
44.9%
The Razor's Edge
44.9%
Lucky Jim
44.8%
Lucky Jim
44.7%
Lucky Jim
44.7%
Cather
44.6%
Mrs. Dalloway
43.8%
Mrs. Dalloway
43.7%
Mrs. Dalloway
43.7%
Kerouac
43.6%
Naked Lunch
41.9%
Naked Lunch
41.9%
Naked Lunch
41.9%
Rabbit is Rich
41.8%
Rabbit is Rich
41.8%
Rabbit is Rich
41.8%
Maugham
40.7%
Snow Crash
40.2%
Snow Crash
40.2%
Snow Crash
40.2%
As I Lay Dying
40.2%
As I Lay Dying
40.2%
As I Lay Dying
40.2%
Steinbeck
39.9%
Deliverance
39.8%
% Correct
Deliverance
39.8%
Deliverance
39.8%
Hardy
38.9%
Smith
37.8%
My Antonia
37.1%
My Antonia
37.1%
My Antonia
37.1%
Roth
35.9%
Mailer
35.5%
Amis
33.8%
Tobacco Road
33.3%
Tobacco Road
33.3%
Tobacco Road
33.3%
Harlot's Ghost
32.7%
Harlot's Ghost
32.7%
Harlot's Ghost
32.6%
Atwood
31.8%
Faulkner
31.6%
Jo's Boys
31.1%
Jo's Boys
31.1%
Jo's Boys
31.1%
Updike
29.1%
Cat's Eye
26.7%
Cat's Eye
26.7%
Cat's Eye
26.7%
Heller
25.4%
Pynchon
25.2%
Wallace
19.7%
Burroughs
17.8%
Caldwell
16.6%
Stephenson
10.9%
Dickey
8.6%
Remove Ads.
Support Sporcle.
Get the best of Sporcle when you Go Orange. This ad-free experience offers more features, more stats, and more fun while also helping to support Sporcle. Thank you for becoming a member.

You're not logged in!

Compare scores with friends on all Sporcle quizzes.
OR
Log In

Show Comments

Extras

Top Quizzes Today


Score Distribution

Your Account Isn't Verified!

In order to create a playlist on Sporcle, you need to verify the email address you used during registration. Go to your Sporcle Settings to finish the process.

Report this User

Report this user for behavior that violates our Community Guidelines.

Details: